LEADER 01483nam a2200325 i 4500 001 000000154742 003 CaOOAMICUS 005 20061024000000.0 008 061024s1975 fr u000 u fre u 013 $a132088 020 $a2-02-004373-4 040 $aSeMil$bita 100 1 $aGlucksmann, André,$d<1937-2015>.$0(OLS)http://semarc/name/16210 245 13$aLa cuisinière et le mangeur d'hommes :$bessai sur les rapports entre l'état, le marxisme et les camps de concentration /$cAndré Glucksmann. 260 $aParis :$bÉditions du Seuil,$c1975. 300 $a218 p. ;$c18 cm. 490 0 $aPoints 490 0 $aPoints. Politique ;$v79 500 $aFondo Ciprandi. 650 4$aCampi di concentramento - Unione Sovietica.$0(OLS)http://semarc/subject/27793 650 4$aPerseguitati politici - Unione Sovietica.$0(OLS)http://semarc/subject/29630 830 0$aPoints.$0(OLS)http://semarc/title/14717 830 0$aPoints. Politique ;$v79.$0(OLS)http://semarc/title/22023 850 $aSeMil 852 $aSeMil$W1$xVenegono$y1$m1W I 472$j106598$B106598$CSeMilBibl$Z2$F115806 $81 941 1 $a1 961 $aOmaggio: Ciprandi dott. Paolo 996 $6020$a2-02-004373-4$9(OLS)http://semarc/number/144708 996 $6245$aLa cuisinière et le mangeur d'hommes :$bessai sur les rapports entre l'état, le marxisme et les camps de concentration$9(OLS)http://semarc/title/226519 996 $6260$aParis :$bÉditions du Seuil$9(OLS)http://semarc/publisher/29806 LEADER 01156nam a2200241 i 4500 001 000000068249 003 CaOOAMICUS 005 20190308093457.0 008 131114s1982 xx u000 u lat u 013 $a39421 040 $aSeMil$bita 245 10$aDoctoris subtilis et mariani Ioannis Duns Scoti Lectura in librum secundum sententiarum :$ba distinctione prima ad sextam /$ciussu et auctoritate Ioannis Vaughn. 300 $aXIII, 424 p. 700 1 $aVaughn, John.$0(OLS)http://semarc/name/34057 700 1 $aDuns Scotus, Ioannes,$c.$0(OLS)http://semarc/name/109102 773 0 $tDoctoris subtilis et mariani Ioannis Duns Scoti ordinis fratrum minorum Opera omnia.$dCivitas Vaticana : Typis Vaticanis, 1950.$g18$w()1317 850 $aSeMil 852 $aSeMil$W1$xVenegono$y1$mSL1.V VII 18$j34402$B34402$CSeMilBibl$Z2$F34405 $8I 900 1 $aDuns Scoto, Giovanni. 961 $aAcquisto: Casa editrice 996 $6245$aDoctoris subtilis et mariani Ioannis Duns Scoti Lectura in librum secundum sententiarum :$ba distinctione prima ad sextam$9(OLS)http://semarc/title/108916